<?xml version="1.0" encoding="UTF-8"?>
<record
    xmlns:xsi="http://www.w3.org/2001/XMLSchema-instance"
    xsi:schemaLocation="http://www.loc.gov/MARC21/slim http://www.loc.gov/standards/marcxml/schema/MARC21slim.xsd"
    xmlns="http://www.loc.gov/MARC21/slim">

  <leader>00797nam a22001937a 4500</leader>
  <datafield tag="999" ind1=" " ind2=" ">
    <subfield code="c">175748</subfield>
    <subfield code="d">175748</subfield>
  </datafield>
  <controlfield tag="005">20200924124458.0</controlfield>
  <datafield tag="010" ind1=" " ind2=" ">
    <subfield code="a">UR-10871</subfield>
  </datafield>
  <datafield tag="020" ind1=" " ind2=" ">
    <subfield code="c">150.00</subfield>
    <subfield code="a">9789390100002</subfield>
  </datafield>
  <datafield tag="035" ind1=" " ind2=" ">
    <subfield code="a">U-9426</subfield>
  </datafield>
  <datafield tag="037" ind1=" " ind2=" ">
    <subfield code="b">DBAD/PUB</subfield>
  </datafield>
  <datafield tag="082" ind1=" " ind2=" ">
    <subfield code="a">840.08</subfield>
  </datafield>
  <datafield tag="100" ind1=" " ind2=" ">
    <subfield code="a">&#x646;&#x632; &#x64A;&#x631; &#x641;&#x62A;&#x62D; &#x67E;&#x648; &#x631; &#x6CC; </subfield>
  </datafield>
  <datafield tag="245" ind1=" " ind2=" ">
    <subfield code="a">&#x688; &#x627; &#x6A9;&#x679;&#x631; &#x639;&#x628;&#x62F; &#x627; &#x644;&#x642;&#x627; &#x62F; &#x631; &#x641;&#x627; &#x631; &#x648; &#x642;&#x6CC; :&#x645;&#x646;&#x638;&#x631; &#x67E;&#x633; &#x645;&#x646;&#x638;&#x631; &#x60C;&#x627; &#x62F; &#x628; &#x6A9;&#x6D2; &#x62D;&#x648; &#x627; &#x644;&#x6D2; &#x633;&#x6D2; </subfield>
    <subfield code="c">&#x646;&#x632; &#x64A;&#x631; &#x641;&#x62A;&#x62D; &#x67E;&#x648; &#x631; &#x6CC; </subfield>
  </datafield>
  <datafield tag="246" ind1=" " ind2=" ">
    <subfield code="b">Dr. Abdul Qadir Farooqui Manzar Pas Manzar Adab Ke Hawale Se (Urdu)</subfield>
    <subfield code="a">by Dr.Nazir Fatehpuri </subfield>
  </datafield>
  <datafield tag="260" ind1=" " ind2=" ">
    <subfield code="a">N.Delhi </subfield>
    <subfield code="b">Educational Publishing House</subfield>
    <subfield code="c">2020 &#x621;</subfield>
  </datafield>
  <datafield tag="270" ind1=" " ind2=" ">
    <subfield code="a">H.O.D1/16,Ansari Road,Darya ganj,</subfield>
    <subfield code="b">N.Delhi</subfield>
    <subfield code="e">110002</subfield>
    <subfield code="k">45678285,23216162</subfield>
    <subfield code="l">0091-11-23211540</subfield>
  </datafield>
  <datafield tag="300" ind1=" " ind2=" ">
    <subfield code="a">112 &#x635; </subfield>
    <subfield code="c">22 Cm(Hb)</subfield>
  </datafield>
  <datafield tag="942" ind1=" " ind2=" ">
    <subfield code="2">ddc</subfield>
    <subfield code="c">UR</subfield>
    <subfield code="h">840.08</subfield>
    <subfield code="m">&#x646; &#x638; &#x6CC; </subfield>
  </datafield>
  <datafield tag="952" ind1=" " ind2=" ">
    <subfield code="0">0</subfield>
    <subfield code="1">0</subfield>
    <subfield code="4">0</subfield>
    <subfield code="7">0</subfield>
    <subfield code="8">NFIC</subfield>
    <subfield code="a">DBAD</subfield>
    <subfield code="b">DBAD</subfield>
    <subfield code="d">2020-09-24</subfield>
    <subfield code="e">DBAD/PUB</subfield>
    <subfield code="g">150.00</subfield>
    <subfield code="l">0</subfield>
    <subfield code="o">840.08 &#x646; &#x638; &#x6CC;</subfield>
    <subfield code="p">U-9426</subfield>
    <subfield code="r">2020-09-24 00:00:00</subfield>
    <subfield code="t">1</subfield>
    <subfield code="v">150.00</subfield>
    <subfield code="w">2020-09-24</subfield>
    <subfield code="y">UR</subfield>
  </datafield>
</record>
